| 000 -LEADER |
| fixed length control field |
00652cam a2200205 a 4500 |
| 020 ## - INTERNATIONAL STANDARD BOOK NUMBER |
| ISBN |
0716724111 |
| 020 ## - INTERNATIONAL STANDARD BOOK NUMBER |
| ISBN |
9780716724117 |
| 040 ## - CATALOGING SOURCE |
| Transcribing agency |
DLC |
| 082 00 - DEWEY DECIMAL CLASSIFICATION NUMBER |
| Classification number |
574 W.H 1995 A034 Or. |
| 100 1# - MAIN ENTRY--AUTHOR NAME |
| Personal name |
Sokal, Robert R. |
| 245 10 - TITLE STATEMENT |
| Title |
Biometry : |
| Remainder of title |
the principles and practice of statistics in biological research / |
| 250 ## - EDITION STATEMENT |
| Edition statement |
3rd ed. |
| 260 ## - PUBLICATION, DISTRIBUTION, ETC. (IMPRINT) |
| Place of publication |
New York : |
| Name of publisher |
W.H. Freeman, |
| Year of publication |
c1995. |
| 300 ## - PHYSICAL DESCRIPTION |
| Number of Pages |
xix, 887 p. : |
| Other physical details |
ill. ; |
| Dimensions |
24 cm. |
| 650 #0 - SUBJECT ADDED ENTRY--TOPICAL TERM |
| Topical Term |
Biometry. |
| 700 1# - ADDED ENTRY--PERSONAL NAME |
| Personal name |
Rohlf, F. James, |
| 856 42 - ELECTRONIC LOCATION AND ACCESS |
| Uniform Resource Identifier |
http://www.loc.gov/catdir/enhancements/fy0912/94011120-d.html |
| 856 41 - ELECTRONIC LOCATION AND ACCESS |
| Uniform Resource Identifier |
http://www.loc.gov/catdir/enhancements/fy0912/94011120-t.html |
| 942 ## - ADDED ENTRY ELEMENTS (KOHA) |
| Koha item type |
សៀវភៅភាសាអង់គ្លេស |
| 952 ## - LOCATION AND ITEM INFORMATION (KOHA) |
| Withdrawn status [LOCAL, KOHA] |
0 |